000 01104nam a2200289 a 4500
005 20090520122024.0
008 881109s1989 nyua b 001 0 eng
010 _aENG-93615
020 _a0070077886
_c625.00
020 _a9780070077881
_c625.00
035 _aEN-77148
037 _bDBAD / PUB
040 _adpl
_bEnglish
082 _a005.133
245 _aSCMAD exam guide:
_cby Ko Ko Naing...[et al]
_bexam CX-310-110; sun certified mobile application developer /
260 _aNew Delhi
_bTata McGraw-Hill Publishing
_c2009
270 _a7, West Patel Nagar,
_bNew Delhi
_e110008
300 _axix, 488 p.
_c25cm(pbk)
500 _aIncludes index
650 _aJava (Computer program language)
650 _aMobile computing
650 _aApplication software
_xDevelopment
650 _aWireless communication systems
700 _aNaing, Ko Ko
942 _2ddc
_cEN
_mSCM
_h005.133
999 _c26612
_d26612